00829nam a22002417a 4500003000500000005001700005008004100022020002900063040002300092082002400115100002200139110003100161245006800192250001900260260004100279300004000320521004500360650006800405651001700473700002000490942005800510999001900568322820240823104258.0240823b sa ||||| |||| 00| 0 eng d a9780816078073cHardCover a3228bEnglishcrda 223aJ.500.2078 WALK aWalker P.9145052 aFacts on file Inc.9188268 aFacts on file science experiments, Physical science experiments aSecond Edition aNew York:bFacts on file Inc;cc2010 a149 Pgaes.;bColured Picturesc29cm aJunior Non-Fiction:- Juvenile Literature 2Facts on file science experiments, Physical science experiments 2South Africa aWood E.9120652 2ddccBOOKe23w8485xJulia Mabuzay8485zJulia Mabuza c766610d766609